Regiones de Países #3 - Estadísticas

Estadísticas generales
  • Esta prueba ha sido intentada 3.758 veces
  • La puntuación promedio es 14 de 21
Estadísticas de respuestas
Región País % Correcto
Utah Estados Unidos
98%
Aragón España
96%
Okinawa Japón
88%
Alberta Canadá
84%
Wu China
81%
Borgoña Francia
80%
Pampa seca Argentina
78%
Java Indonesia
75%
Durango México
69%
Algarve Portugal
68%
Sinaí Egipto
67%
Kent Reino Unido
67%
Outback Australia
64%
Múrmansk Rusia
64%
Tirol Austria
62%
Tamil Nadu India
61%
Umbría Italia
55%
Condado de Kilkenny Irlanda
52%
Waziristán Pakistán
39%
Valaquia Rumania
38%
Darfur Sudán
34%
No se encontraron pruebas coincidentes
Distribución de puntuación
Porcentaje de gente con cada puntuación
Porcentaje por número respondido
Historial de tus puntuaciones
No has intentado esta prueba.